000 00612nam a22001937a 4500
005 20240123121723.0
010 _aENG-138811
020 _c150.00
_a9788119664184
035 _aEN-122343
037 _bDBAD/PUB
082 _a230
100 _aGreshake,Gisbert
_961183
245 _awhy does god's love let us suffer?/
260 _a Delhi
_bATC publishers
_c2023
270 _bBenglauru
_aSt. Mary's Block, Archdiocesan Pastoral Centre No 5, Nandidurga Road, Benson Town,
_e560046
300 _a86p.
_c22 cm(pbk)
710 _aRoma Chatterjee
_eEditor
_959600
942 _2ddc
_cEN
_h230
_mGRE
999 _c200010
_d200010